| 000 | 00900-am-a2200205-a-4500 | ||
|---|---|---|---|
| 001 | 000083444 | ||
| 003 | AM-YEHGA | ||
| 005 | 20250617121914.0 | ||
| 008 | 000327s1973 ru ||||| |||| 00| 0 rus d | ||
| 040 | _aAM-YeHGA | ||
| 041 | 0 | _arus | |
| 245 | 0 | 0 |
_aГрамматическая структура и фразеологизмы романо-германских языков / _cКазанский гос. ун-т им. В.И. Ульянова ; Ред. Д.Х. Бакеева. |
| 260 |
_aКазань : _bИзд-во Казан. ун-та, _c1973. |
||
| 300 | _a120 с. | ||
| 650 | 1 | 4 |
_aРомано-германские языки _vГрамматика |
| 700 | 1 |
_aБакеева, Дина Халиловна _eред. _4edt |
|
| 710 | 2 | _aКазанский государственный университет им. В.И. Ульянова-Ленина | |
| 942 |
_2udc _cBK |
||
| 090 | _c26270 | ||
| 999 |
_c25959 _d25959 |
||